LEADER 01404nam a2200265 i 4500 001 000000257831 003 CaOOAMICUS 005 20250609144847.0 008 180329s1793 it u000 u ita u 013 $a236739 026 $ae-on ael- vau- esca (3) 1793 (A) 040 $aSeMil$bita 100 1 $aLimon, Geoffroi : de,$d<1746-1799>.$0(OLS)http://semarc/name/94859 245 13$aLa vita e il martirio di Luigi decimosesto re di Francia e di Navarra immolato il giorno 21. gen. 1793. con un esame sul decreto regicida del sig. de Limon. Traduzione dal francese. 260 $aCremona :$bPer Lorenzo Manini,$c1793. 300 $a79, [1] p. ;$c8°. 500 $aSegn.: A-E8. 600 04$aLuigi XVI : di Borbone .$0(OLS)http://semarc/subject/12099 700 1 $aManini, Lorenzo,$c.$0(OLS)http://semarc/name/76294 773 0 $t[Opuscoli all'epoca della Rivoluzione francese.$w()15933 850 $aSeMil 852 $aSeMil$W1$xVenegono$y1$m3R VII 4/1 FA$j208177$B208177$CSeMilBibl$Z2$F221737 $8I 996 $6245$aLa vita e il martirio di Luigi decimosesto re di Francia e di Navarra immolato il giorno 21. gen. 1793. con un esame sul decreto regicida del sig. de Limon. Traduzione dal francese$9(OLS)http://semarc/title/413103 996 $6260$aCremona :$bPer Lorenzo Manini$9(OLS)http://semarc/publisher/56878 LEADER 01198nam a2200265 i 4500 001 000000184767 003 CaOOAMICUS 005 20150923000000.0 008 150923s1941 it u000 u ita u 013 $a162751 040 $aSeMil$bita 100 1 $aFrançois : de Sales,$c.$0(OLS)http://semarc/name/1031 245 13$aLa Filotea ossia Introduzione alla vita divota /$cS. Francesco di Sales ; nuova traduzione italiana del sac. Eugenio Ceria. 250 $aPrima ristampa della sesta riveduta. 260 $aTorino :$bSocietà Editrice Internazionale,$cstampa 1941. 300 $aXXIV, 537 p. ;$c15 cm. 500 $aFondo card. Giovanni Colombo. 650 4$aFrancesco : di Sales - Opere.$0(OLS)http://semarc/subject/1452 700 1 $aCeria, Eugenio.$0(OLS)http://semarc/name/10326 850 $aSeMil 852 $aSeMil$W1$xVenegono$y1$m3GC II 339$j135459$B135459$CSeMilBibl$Z2$F206136 $8B 941 1 $a3 961 $aLascito: Colombo Card. Giovanni 996 $6245$aLa Filotea ossia Introduzione alla vita divota$9(OLS)http://semarc/title/265315 996 $6260$aTorino :$bSocietà Editrice Internazionale$9(OLS)http://semarc/publisher/29847 LEADER 00767nam a2200205 i 4500 001 000000062358 003 CaOOAMICUS 005 19980604000000.0 008 980604s1961 fr u000 u fre u 013 $a33530 040 $aSeMil$bita 245 10$aLeçons 91 à 113. 300 $a458 p. 650 4$aCatechismo - Manuali e sussidi.$0(OLS)http://semarc/subject/253 773 0 $tVie selon les commandements de Dieu.$g1$w()3384 773 0 $aSchreibmayer, Franz$tManuel du catéchisme biblique.$dParis : Les Éditions du Cerf, 1958.$gTome3$w()26787 850 $aSeMil 852 $aSeMil$W1$xVenegono$y1$m2D IV 139$j28511$B28511$CSeMilBibl$Z2$F28514 $81 961 $aOmaggio: Oggioni don Costantino 996 $6245$aLeçons 91 à 113$9(OLS)http://semarc/title/98148